<?xml version="1.0" encoding="UTF-8"?><?xml-stylesheet type="text/xsl" href="static/style.xsl"?><OAI-PMH xmlns="http://www.openarchives.org/OAI/2.0/" xmlns:xsi="http://www.w3.org/2001/XMLSchema-instance" xsi:schemaLocation="http://www.openarchives.org/OAI/2.0/ http://www.openarchives.org/OAI/2.0/OAI-PMH.xsd"><responseDate>2026-04-29T22:51:34Z</responseDate><request verb="GetRecord" identifier="oai:repisalud.isciii.es:20.500.12105/23141" metadataPrefix="marc">https://repisalud.isciii.es/rest/oai/request</request><GetRecord><record><header><identifier>oai:repisalud.isciii.es:20.500.12105/23141</identifier><datestamp>2025-05-08T17:46:38Z</datestamp><setSpec>com_20.500.12105_15322</setSpec><setSpec>com_20.500.12105_2051</setSpec><setSpec>col_20.500.12105_16967</setSpec></header><metadata><record xmlns="http://www.loc.gov/MARC21/slim" xmlns:dcterms="http://purl.org/dc/terms/" xmlns:doc="http://www.lyncode.com/xoai" xmlns:xsi="http://www.w3.org/2001/XMLSchema-instance" xsi:schemaLocation="http://www.loc.gov/MARC21/slim http://www.loc.gov/standards/marcxml/schema/MARC21slim.xsd">
   <leader>00925njm 22002777a 4500</leader>
   <datafield ind2=" " ind1=" " tag="042">
      <subfield code="a">dc</subfield>
   </datafield>
   <datafield ind2=" " ind1=" " tag="720">
      <subfield code="a">Torrens, Isabel</subfield>
      <subfield code="e">author</subfield>
   </datafield>
   <datafield ind2=" " ind1=" " tag="720">
      <subfield code="a">Esteva, Magdalena</subfield>
      <subfield code="e">author</subfield>
   </datafield>
   <datafield ind2=" " ind1=" " tag="720">
      <subfield code="a">Vicens, Caterina</subfield>
      <subfield code="e">author</subfield>
   </datafield>
   <datafield ind2=" " ind1=" " tag="720">
      <subfield code="a">Piza-Portell, Maria Rosa</subfield>
      <subfield code="e">author</subfield>
   </datafield>
   <datafield ind2=" " ind1=" " tag="720">
      <subfield code="a">Vidal-Thomàs, María Clara</subfield>
      <subfield code="e">author</subfield>
   </datafield>
   <datafield ind2=" " ind1=" " tag="720">
      <subfield code="a">Vidal-Ribas, Cristina</subfield>
      <subfield code="e">author</subfield>
   </datafield>
   <datafield ind2=" " ind1=" " tag="720">
      <subfield code="a">Lorente-Montalvo, Patricia</subfield>
      <subfield code="e">author</subfield>
   </datafield>
   <datafield ind2=" " ind1=" " tag="720">
      <subfield code="a">Torres-Solera, Elena</subfield>
      <subfield code="e">author</subfield>
   </datafield>
   <datafield ind2=" " ind1=" " tag="260">
      <subfield code="c">2021-04-16</subfield>
   </datafield>
   <datafield ind2=" " ind1=" " tag="520">
      <subfield code="a">Background: Cognitive behavioral therapy for chronic insomnia (CBT-i) is the treatment of choice for this condition but is underutilized in patients who attend primary care. The purpose of the present feasibility-pilot study was to assess the feasibility and acceptability of a cluster-randomized study of CBT-i in a primary care setting. Methods: This study, performed at two primary health care centers in Majorca, Spain, was a mixed methods feasibility-pilot study of a parallel cluster-randomized design comparing CBT-i and usual care (UC). Patients were included if they were 18 to 65 years-old; had diagnoses of chronic insomnia according to the Insomnia Severity Index (ISI >= 8); had insomnia for more than 3 months. Twenty-five GPs and nurses and 32 patients were randomly allocated to two groups. The main outcome of the intervention was improvement of dimensions of sleep quality, measured using the Spanish version of the Pittsburgh Sleep Quality Index, at baseline and at 3 months after the intervention. Other primary outcomes of the study were the feasibility and applicability of the intervention, collected through nominal groups. A thematic analysis was performed to classify primary care provider (PCP) proposals. Additionally, we assessed the recruitment process, compliance with the intervention sessions, and patient retention. Results: We adapted the CBT-i approach of Morin to a primary care context. After intervention training, PCPs expressed the need for more extensive training in the different aspects of the therapy and the discussion of more cases. PCPs considered the intervention as adequate but wanted fewer but longer sessions as well as to discard the cognitive restructuring component. PCPs considered it crucial to prepare each session in advance and to establish a specific agenda for the CBT-i. Regular reminders given to PCPs and patients were suggested to improve study participation. Compared to the UC group, higher proportions of patients in the intervention group had short sleep latency, slept for longer than 5 h, and had fewer sleep disruptions. Conclusions: This feasibility-pilot study identified several key issues that must be addressed before performing a CBT-i intervention in future clinical trial in a primary care setting.</subfield>
   </datafield>
   <datafield ind1="8" ind2=" " tag="024">
      <subfield code="a">Torrens I, Esteva M, Vicens C, Piza-Portell MR, Vidal-Thomas MC, Vidal-Ribas C, et al. Assessing the feasibility and acceptability of a cluster-randomized study of cognitive behavioral therapy for chronic insomnia in a primary care setting. BMC Fam Pract. 2021 Apr 16;22(1):77.</subfield>
   </datafield>
   <datafield ind1="8" ind2=" " tag="024">
      <subfield code="a">10.1186/s12875-021-01429-5</subfield>
   </datafield>
   <datafield ind1="8" ind2=" " tag="024">
      <subfield code="a">1471-2296</subfield>
   </datafield>
   <datafield ind1="8" ind2=" " tag="024">
      <subfield code="a">BMC Family Practice</subfield>
   </datafield>
   <datafield ind1="8" ind2=" " tag="024">
      <subfield code="a">https://hdl.handle.net/20.500.13003/19448</subfield>
   </datafield>
   <datafield ind1="8" ind2=" " tag="024">
      <subfield code="a">33863276</subfield>
   </datafield>
   <datafield ind1="8" ind2=" " tag="024">
      <subfield code="a">L634821326</subfield>
   </datafield>
   <datafield ind1="8" ind2=" " tag="024">
      <subfield code="a">2-s2.0-85104373108</subfield>
   </datafield>
   <datafield ind1="8" ind2=" " tag="024">
      <subfield code="a">https://hdl.handle.net/20.500.12105/23141</subfield>
   </datafield>
   <datafield ind1="8" ind2=" " tag="024">
      <subfield code="a">640774700001</subfield>
   </datafield>
   <datafield tag="653" ind2=" " ind1=" ">
      <subfield code="a">Insomnia</subfield>
   </datafield>
   <datafield tag="653" ind2=" " ind1=" ">
      <subfield code="a">Treatment</subfield>
   </datafield>
   <datafield tag="653" ind2=" " ind1=" ">
      <subfield code="a">Primary care</subfield>
   </datafield>
   <datafield tag="653" ind2=" " ind1=" ">
      <subfield code="a">Cognitive behavioral therapy</subfield>
   </datafield>
   <datafield tag="653" ind2=" " ind1=" ">
      <subfield code="a">Randomized controlled trial</subfield>
   </datafield>
   <datafield tag="653" ind2=" " ind1=" ">
      <subfield code="a">Feasibility study</subfield>
   </datafield>
   <datafield tag="653" ind2=" " ind1=" ">
      <subfield code="a">Pilot study</subfield>
   </datafield>
   <datafield ind2="0" ind1="0" tag="245">
      <subfield code="a">Assessing the feasibility and acceptability of a cluster-randomized study of cognitive behavioral therapy for chronic insomnia in a primary care setting</subfield>
   </datafield>
</record></metadata></record></GetRecord></OAI-PMH>